|
|
|
|
| LEADER |
00941nam a2200241 a 4500 |
| 001 |
2171183 |
| 008 |
111115s1967 nyu b 000 0 eng |
| 010 |
|
|
|a 67011691
|
| 040 |
|
|
|a DLC
|c DLC
|d DLC
|d BD-DhAAL
|
| 050 |
0 |
0 |
|a HM19
|b .T5 1967
|
| 082 |
0 |
0 |
|a 301/.09
|
| 100 |
1 |
|
|a Timasheff, Nicholas S.
|q (Nicholas Sergeyevitch),
|d 1886-1970.
|
| 245 |
1 |
0 |
|a Sociological theory :
|b its nature and growth /
|c by Nicholas S. Timasheff.
|
| 250 |
|
|
|a 3rd ed.
|
| 260 |
|
|
|a New York :
|b Random House,
|c c1967
|
| 300 |
|
|
|a xiv, 350 p. ;
|c 24 cm.
|
| 504 |
|
|
|a Includes bibliographical references: (p. [327]-332) and index.
|
| 541 |
|
|
|e 00000765
|
| 650 |
|
0 |
|a Sociology
|x History.
|
| 852 |
1 |
|
|a Ayesha Abed Library
|c General shelf.
|
| 942 |
0 |
0 |
|0 1
|
| 999 |
|
|
|c 11411
|d 11411
|
| 952 |
|
|
|0 0
|1 0
|2 ddc
|4 0
|6 301_090000000000000_TIM
|7 0
|9 18549
|a BRACUL
|b BRACUL
|c GEN
|d 2011-11-15
|g 0.00
|l 3
|m 16
|o 301.09 TIM
|p 3010000765
|r 2018-05-13
|s 2018-02-28
|t 1
|w 2011-11-15
|y BK
|z Not price in Register
|